000 00453nam a2200181Ia 4500
008 240925s9999 xx 000 0 und d
020 _aNA
082 _a621.397 MOT
100 _amotorola - -
245 0 _aDynamic Rams & Memory Modules
250 _aNA
260 _aChina:
_bMotorola inc
_c,1996.
300 _aVarious pages
_bNA
_fOriginal
500 _aIncludes Index
600 _aElectronic Engineering
650 _aTechnology
942 _cBK
999 _c4423
_d4423